Vista normal
Vista MARC
Entrada Nombre de reunión
Número de registros utilizados en: 4
001 - NÚMERO DE CONTROL
- campo de control: 57974
003 - IDENTIFICADOR DEL NÚMERO DE CONTROL
- campo de control: OSt
005 - FECHA Y HORA DE LA ÚLTIMA TRANSACCIÓN
- campo de control: 20200615034934.0
008 - DATOS DE LONGITUD FIJA
- campo de control de longitud fija: 200615|| aca||aabn | a|a d
040 ## - FUENTE DE LA CATALOGACIÓN
- Centro catalogador/agencia de origen: OSt
- Centro/agencia transcriptor: OSt
111 ## - ENCABEZAMIENTO--NOMBRE DE CONGRESO/REUNIÓN
- Nombre de congreso/reunión o jurisdicción como elemento de entrada: Feria nacional del libro Ercilia Pepín
- Número del congreso/reunión o número de parte o sección: (21a. :
- Fecha del congreso/reunión: 1993 23 abr. - 2 de mayo :
- Sede del congreso/Lugar de la reunión: Santo Domingo)
670 ## - FUENTE DE DATOS ENCONTRADOS
- Cita de la fuente: Work cat.: (OSt)31195: Feria nacional del libro Ercilia Pepín (21a. : 1993 23 abr. - 2 de mayo : Santo Domingo), A tiempo :, 1993.
